[Event "Oruro Baptista Memorial"]
[Site "Oruro"]
[Date "2023.11.05"]
[Round "9"]
[White "Titichoca Daza, Daniel Henry"]
[Black "Ramirez Espinoza, Percy Willy"]
[Result "1-0"]
[WhiteElo "2157"]
[BlackElo "1409"]
[PlyCount "45"]
[EventDate "2023.11.01"]
[EventType "swiss"]
[EventRounds "9"]
[EventCountry "BOL"]
[SourceTitle "Mega2024 Update 01"]
[Source "Chessbase"]
[SourceDate "2023.11.12"]
[SourceVersion "1"]
[SourceVersionDate "2023.11.12"]
[SourceQuality "1"]

1. c4 Nf6 2. Nc3 e6 3. Nf3 d5 4. e3 c5 5. d4 Nc6 6. a3 b6 7. cxd5 Nxd5 8. Bb5 Bb7 9. Qa4 Qd7 10. Ne5 Qc7 11. Bxc6+ Bxc6 12. Qxc6+ Qxc6 13. Nxc6 f6 14. dxc5 Nxc3 15. cxb6 axb6 16. bxc3 Rc8 17. Nd4 e5 18. Ne2 Be7 19. e4 0-0 20. Be3 b5 21. 0-0 Rc4 22. f3 Ra8 23. Rfd1 1-0

[Event "Cochabamba op 6th"]
[Site "Cochabamba"]
[Date "2023.03.05"]
[Round "7"]
[White "Mendoza, Samantha"]
[Black "Ramirez Espinoza, Percy Willy"]
[Result "1-0"]
[WhiteElo "1701"]
[BlackElo "1358"]
[PlyCount "91"]
[EventDate "2023.03.02"]
[EventType "swiss"]
[EventRounds "7"]
[EventCountry "BOL"]
[SourceTitle "CBM 213 Extra"]
[Source "ChessBase"]
[SourceDate "2023.05.31"]
[SourceVersion "1"]
[SourceVersionDate "2023.05.31"]
[SourceQuality "1"]

1. e4 e5 2. Nf3 Nc6 3. Bc4 Nf6 4. Ng5 d5 5. exd5 Na5 6. Bb5+ c6 7. dxc6 bxc6 8. Bd3 Ng4 9. Nf3 f5 10. h3 Nxf2 11. Kxf2 Bc5+ 12. Kf1 e4 13. Qe2 0-0 14. Bc4+ Kh8 15. Ne5 Qd4 16. c3 Qxe5 17. d4 Qg3 18. dxc5 Nxc4 19. Qxc4 e3 20. Bxe3 Qxe3 21. Na3 Be6 22. Qe2 f4 23. Qxe3 fxe3+ 24. Ke2 Rf2+ 25. Kxe3 Rxb2 26. g4 Re8 27. Kf4 h6 28. Rhe1 Rf8+ 29. Ke5 Bxa2 30. c4 Rd2 31. Rad1 Rff2 32. Rxd2 Rxd2 33. Kf5 Kh7 34. Re7 a5 35. Ra7 Rd4 36. Rxa5 Bxc4 37. Nxc4 Rxc4 38. Ke5 Rc3 39. Kd6 Rxh3 40. Kxc6 Rh4 41. Ra4 h5 42. Kd5 hxg4 43. c6 Rh5+ 44. Kd6 g3 45. Ra1 Rh2 46. Rd1 1-0

[Event "Cochabamba op 6th"]
[Site "Cochabamba"]
[Date "2023.03.04"]
[Round "6"]
[White "Ramirez Espinoza, Percy Willy"]
[Black "Espinoza Coca, Laura"]
[Result "1-0"]
[WhiteElo "1358"]
[BlackElo "1462"]
[PlyCount "67"]
[EventDate "2023.03.02"]
[EventType "swiss"]
[EventRounds "7"]
[EventCountry "BOL"]
[SourceTitle "CBM 213 Extra"]
[Source "ChessBase"]
[SourceDate "2023.05.31"]
[SourceVersion "1"]
[SourceVersionDate "2023.05.31"]
[SourceQuality "1"]

1. e4 c5 2. Nf3 d6 3. d4 cxd4 4. Nxd4 Nf6 5. Nc3 g6 6. Be3 Bg7 7. Bc4 Ng4 8. Bb5+ Bd7 9. Qxg4 Nc6 10. Qd1 0-0 11. 0-0 Qe8 12. Nxc6 bxc6 13. Ba4 Qb8 14. Bb3 Kh8 15. Bd4 e5 16. Be3 f5 17. f3 f4 18. Bf2 g5 19. h3 Rf6 20. Qd3 Qe8 21. Rfd1 Qh5 22. Qf1 Rh6 23. Rd3 g4 24. fxg4 Bxg4 25. Rad1 d5 26. exd5 f3 27. dxc6 Bf6 28. c7 fxg2 29. Rd8+ Kg7 30. Qxg2 Rg6 31. Rxa8 Be6 32. Bxe6 Rxg2+ 33. Kxg2 Qg5+ 34. Bg4 1-0